| 000 | 00827nam a22002057a 4500 | ||
|---|---|---|---|
| 999 |
_c22124 _d22124 |
||
| 003 | AR-CdUCM | ||
| 008 | 190429b ||||| |||| 00| 0 spa d | ||
| 040 |
_aMUNICIPALIDAD PROVINCIAL DEL CUSCO _cBIBLIOTECA MUNICIPAL DEL CUSCO |
||
| 082 | _aSenderos/N°1/1952 | ||
| 245 |
_aSenderos pedagógicos : _bórgano de los maestros primarios del Cuzco / |
||
| 260 |
_aCuzco. _bEl Sol, _c1952. |
||
| 300 |
_a186 páginas. : _c25 cm. |
||
| 440 |
_asenderos pedagógicos _nAño 1, N°1952, 1952. _947490 |
||
| 505 | _aContenido: Concentración provincial del maestros primarios del cuzco -- Labor de la concentración -- Didactica de la lectura y la escritura -- Lectura y escritura en las clases... | ||
| 650 |
_aPedagogia _91560 |
||
| 650 |
_aColegios Cusco _947491 |
||
| 650 |
_aEducación _9460 |
||
| 942 |
_2ddc _cPP |
||
| 945 | _arac | ||